00506nam a22001817a 450000500170000001000260001702000260004302000260006903500150009503500140011003700130012408200110013710000140014824500550016226000380021727000410025530000280029620230801110016.0 aENG-118534 ENG-137380 a9788192060875c290.00 a9788192060875c370.00 aEN-102066  aEN-120912 bDBAD/PUB a346.07 aPrasad, G aStudents' hand book of business law/cby G. Prasad aA.P.bjai Bharth Publishersc2012 a2/18 Brodiepet, GunturbA.P.e522002 aMulti Pages.c24cm(pbk)